000 00611pam a2200229 a 4500
001 0000001675
003 OSt
005 20140825163953.0
008 890405s1990 tnu 00110 eng
020 _a0805465898
035 _a 89033091
040 _aDLC
_cDLC
_dDLC
_dPUL
050 _aBX6231
_b.M38 1990
100 1 0 _aMcBeth, Leon.
245 1 2 _aA sourcebook for Baptist heritage /
_cH. Leon McBeth.
260 0 _aNashville, Tenn. :
_bBroadman Press,
_cc1990.
300 _a639 p. ;
_c24 cm.
500 _aIncludes index.
650 0 _aBaptists
_xHistory
_xSources.
908 _a050124
942 _2lcc
_cBK
999 _c1623
_d1623